University Home | Library Home | Institutional Repository

Human factors in jet and space travel : (Record no. 55603)

MARC details
000 -LEADER
fixed length control field 00887cam1a220021700 4500
001 - CONTROL NUMBER
control field qce00953936
005 - DATE AND TIME OF LATEST TRANSACTION
control field 20190814132039.0
008 - FIXED-LENGTH DATA ELEMENTS--GENERAL INFORMATION
fixed length control field 810815s1961 nyua 000 0 eng d
035 ## - SYSTEM CONTROL NUMBER
System control number (Sirsi) r24447
035 ## - SYSTEM CONTROL NUMBER
System control number (QCAT)lss04949629
035 ## - SYSTEM CONTROL NUMBER
System control number (UPRA)qce00953936
040 ## - CATALOGING SOURCE
Modifying agency UPRA
060 0# - NATIONAL LIBRARY OF MEDICINE CALL NUMBER
Classification number WD 700
Item number S468h 1961
100 1# - MAIN ENTRY--PERSONAL NAME
Personal name Sells, S. B. (Saul B.), 1913-
Fuller form of name Sells, S. B. (Saul B.), 1913-
Dates associated with a name Sells, S. B. (Saul B.), 1913-
Linkage A86965.1
245 10 - TITLE STATEMENT
Title Human factors in jet and space travel :
Remainder of title a medical-psychological analysis /
Statement of responsibility, etc. ed. by S.B. Sells and Charles A. Berry.
260 ## - PUBLICATION, DISTRIBUTION, ETC.
Place of publication, distribution, etc. New York :
Name of publisher, distributor, etc. Ronald,
Date of publication, distribution, etc. [c1961]
650 #2 - SUBJECT ADDED ENTRY--TOPICAL TERM
Topical term or geographic name entry element Aerospace Medicine.
Linkage S62635.1
700 1# - ADDED ENTRY--PERSONAL NAME
Personal name Berry, Charles A. (Charles Alden), 1923-
Fuller form of name Berry, Charles A. (Charles Alden), 1923-
Dates associated with a name Berry, Charles A. (Charles Alden), 1923-
Linkage A86966.1
949 ## - LOCAL PROCESSING INFORMATION (OCLC)
a RC1062
w LC
i -24093
m MEDICAL
t BOOK
l ON-SHELF

No items available.

© 2026 - The University of Zambia Library - Koha v25.11